Sports Quiz

Random Sports or Decade Quiz
Score 0/17 Timer 03:00
12 Plays Today
Wins Driver % Correct
11Lewis Hamilton
98.2%
21Fernando Alonso
92.2%
56Michael Schumacher
90.9%
18Kimi Räikkönen
82.4%
6Ralf Schumacher
80.6%
7Jenson Button
80%
7David Coulthard
75.4%
11Felipe Massa
67.9%
5Sebastian Vettel
66.7%
Wins Driver % Correct
6Mika Häkkinen
62.3%
11Rubens Barrichello
57.8%
2Mark Webber
51.7%
1Robert Kubica
38.2%
1Jarno Trulli
38%
3Giancarlo Fisichella
35.5%
7Juan Pablo Montoya
31.8%
1Heikki Kovalainen
25.1%
Remove Ads.
Support Sporcle.
Get the best of Sporcle when you Go Orange. This ad-free experience offers more features, more stats, and more fun while also helping to support Sporcle. Thank you for becoming a member.

You're not logged in!

Compare scores with friends on all Sporcle quizzes.
OR
Log In

Sporcle TV

Today on Sporcle TV


Watch our educational content, quiz creation guides, and fun videos on Sporcle TV.

Show Comments

Extras

Top Quizzes Today


Score Distribution

Paid Content

Your Account Isn't Verified!

In order to create a playlist on Sporcle, you need to verify the email address you used during registration. Go to your Sporcle Settings to finish the process.

Report this User

Report this user for behavior that violates our Community Guidelines.

Details: